| 000 | 01492cam a2200385 a 4500 | ||
|---|---|---|---|
| 001 | 12859332 | ||
| 003 | Nust | ||
| 005 | 20220830121141.0 | ||
| 008 | 020718s2002 nyu b 000 1 eng | ||
| 010 | _a 2002029510 | ||
| 020 | _a9781853261947 (pbk.) | ||
| 040 |
_aDLC _cDLC _dDLC |
||
| 043 | _ae-uk-en | ||
| 050 | 0 | 0 |
_aPR4568 _b.A1 2002 |
| 082 | 0 | 0 |
_a823 _bDIC |
| 100 | 1 |
_aDickens, Charles, _d1812-1870. _912180 |
|
| 245 | 1 | 0 |
_aOur mutual friend / _cCharles Dickens ; introduction by Richard T. Gaughan ; notes by Jennifer Mooney. |
| 260 |
_aNew York : _bModern Library, _c2002. |
||
| 300 |
_axxx, 794 p. ; _c21 cm. |
||
| 440 | 4 |
_aThe Modern Library Classics _998644 |
|
| 504 | _aIncludes bibliographical references. | ||
| 650 | 0 |
_aInheritance and succession _vFiction. _912063 |
|
| 650 | 0 |
_aSocial classes _vFiction. _93704 |
|
| 650 | 0 |
_aPoor families _vFiction. _912124 |
|
| 650 | 0 |
_aDeception _vFiction. _911292 |
|
| 651 | 0 |
_aLondon (England) _vFiction. _97300 |
|
| 655 | 7 |
_aLove stories. _2gsafd |
|
| 655 | 7 |
_aSatire. _2lcsh _97757 |
|
| 700 | 1 |
_aMooney, Jennifer. _998675 |
|
| 856 | 4 | 2 |
_3Contributor biographical information _uhttp://www.loc.gov/catdir/bios/random054/2002029510.html |
| 856 | 4 | 2 |
_3Publisher description _uhttp://www.loc.gov/catdir/description/random042/2002029510.html |
| 906 |
_a7 _bcbc _corignew _d1 _eocip _f20 _gy-gencatlg |
||
| 942 |
_2ddc _cBK |
||
| 999 |
_c174599 _d174599 |
||